| 000 | 00672nam a22001937a 4500 | ||
|---|---|---|---|
| 999 |
_c12484 _d12484 |
||
| 003 | AR-CdUCM | ||
| 008 | 190409b ||||| |||| 00| 0 spa d | ||
| 040 |
_aMUNICIPALIDAD PROVINCIAL DEL CUSCO _cBIBLIOTECA MUNICIPAL DEL CUSCO |
||
| 082 |
_a373 / _bB23 / 1959 |
||
| 245 | _aDidáctica espacial : | ||
| 260 |
_aLima : _c1959. |
||
| 300 |
_a43 paginas ; _c21 cm. |
||
| 505 | _aContenido :La adaptación del niño al ambiente escolar --Educación perceptiva --La educación motriz ... | ||
| 650 |
_aEducación _9460 |
||
| 650 |
_aMoral _94056 |
||
| 710 |
_aInstituto nacional de perfeccionamiento magisterial _930343 |
||
| 942 |
_2ddc _cLIBROS |
||
| 945 |
_arjall _d2019-04-08 |
||